Geography Quiz

Random Geography or City Quiz

US City Population: Most Times in Top 100 Quiz Stats

 Plays Quiz Updated Aug 23, 2012

Challenge
Share
Tweet
Embed
Score 0/41 Timer 08:00
12 Plays Today
Top 100 Appearances City, State % Correct
23New York, NY
99.6%
23Boston, MA
91.2%
18Chicago, IL
91.1%
23Philadelphia, PA
86.6%
22Washington, DC
80%
16Atlanta, GA
79.1%
18Detroit, MI
77.1%
21Pittsburgh, PA
75%
23Baltimore, MD
72.5%
16San Francisco, CA
72.2%
18Cleveland, OH
70.7%
21New Orleans, LA
69.4%
19St. Louis, MO
68.2%
19Buffalo, NY
61.4%
21Cincinnati, OH
61.1%
19Nashville, TN
59.9%
17Indianapolis, IN
59.9%
18Columbus, OH
58.7%
22Richmond, VA
57.7%
17Memphis, TN
56.8%
15Kansas City, MO
56.3%
Top 100 Appearances City, State % Correct
18Albany, NY
54.4%
20Providence, RI
51%
19Newark, NJ
50%
19Hartford, CT
47.4%
17Milwaukee, WI
45.3%
20Louisville, KY
45.2%
15Springfield, MA
38.4%
19Rochester, NY
36.1%
16St. Paul, MN
34.8%
16Jersey City, NJ
33.9%
16Savannah, GA*
31.5%
16Toledo, OH
27.7%
18New Haven, CT
27.2%
23Norfolk, VA
26.8%
15Omaha, NE
25.1%
17Dayton, OH
21.1%
16Worcester, MA
20.8%
15Fort Wayne, IN
14%
15Reading, PA
5.7%
16New Bedford, MA
4.7%

You're not logged in!

Compare scores with friends on all Sporcle quizzes.
Join for Free
OR
Log In

You Might Also Like...

Show Comments

Extras

Top Quizzes Today


Score Distribution

Your Account Isn't Verified!

In order to create a playlist on Sporcle, you need to verify the email address you used during registration. Go to your Sporcle Settings to finish the process.

Report this User

Report this user for behavior that violates our Community Guidelines.

Details: